Weltpolitik: strukturen-akteure-perspektiven

Furkejuvvon:
Bibliográfalaš dieđut
Váldodahkkit: Kaiser, Karl (Dahkki), Schwarz, Hans-Peter (Dahkki)
Materiálatiipa: Girji
Giella:duiskkagiella
Almmustuhtton: Stuttgart Klett-Cotta 1985
Fáttát:
Fáddágilkorat: Lasit fáddágilkoriid
Eai fáddágilkorat, Lasit vuosttaš fáddágilkora!

MARC

LEADER 00000nam a2200000 a 4500
001 UCN3643
003 CL-VaPUC
008 010706e19850000GW |||||||||||||||||ger|d
082 0 4 |a 320  |b KAI  |2 21 
100 0 |a Kaiser, Karl  |e author  |9 460204 
700 0 |a Schwarz, Hans-Peter  |e author  |9 460205 
245 1 0 |a Weltpolitik: strukturen-akteure-perspektiven 
300 |a 742 p 
942 |c BK 
945 |d 20010706 00:00:00  |a rbrito 
260 |a Stuttgart  |b Klett-Cotta  |c 1985 
650 0 |a Política  |9 255312 
650 7 |a SISTEMAS POLITICOS  |2 CL-VaPUC  |9 460206 
650 0 |a Política internacional  |9 255813 
583 |a last modification  |c 20010706 00:00:00  |k Rodrigo Vera 
999 |c 296432  |d 296430 
952 |0 0  |1 0  |4 0  |6 320_000000000000000_KAI_1985  |7 0  |8 A  |9 350189  |a BIBGIM  |b BIBGIM  |d 2019-11-20  |i 3618927  |o 320 KAI 1985  |p 3618927  |r 2025-01-15  |w 2019-11-20  |y BK  |k ORI